| 000 | 00510nam a2200133Ia 4500 | ||
|---|---|---|---|
| 008 | 260210s9999 xx 000 0 und d | ||
| 024 | _a12B-64-EL, 12B-78-EL, 12B-79-EL & 12B-80-EL | ||
| 082 | _a629.2772072 MUH | ||
| 100 | _aMuhammad Muzzamil Ejaz, Wasiq Shaikh, Muhammad Arsalan Arshad & Muhammad Rizwan Kamleen | ||
| 245 | 0 | _aTo Reduce the Moisture in Coal for Fine Burning Purpose | |
| 260 |
_aKarachi: _bUITU, _c2012 |
||
| 600 | _aElectrical Engineering | ||
| 650 | _aBachelor of Engineering (BE) | ||
| 999 |
_c33185 _d33185 |
||